Travaux de la Commission de Réforme du Code Civil

Uloženo v:
Podrobná bibliografie
Médium: Kniha
Jazyk:francouzština
Vydáno: París Sirey 1957
Témata:
Tagy: Přidat tag
Žádné tagy, Buďte první, kdo vytvoří štítek k tomuto záznamu!

MARC

LEADER 00000nam a2200000 a 4500
001 UCS1734
003 CL-VaPUC
008 970515e19570000FR |||||||||||||||||fre|d
082 0 4 |a 346.44  |b TRA  |2 21 
245 1 0 |a Travaux de la Commission de Réforme du Code Civil 
300 |a 443 p 
942 |c BK 
945 |d 19970515 00:00:00  |a paguirre 
260 |a París  |b Sirey  |c 1957 
650 0 |a Derecho civil  |9 255013 
650 0 |a Derecho sucesorio  |9 255015 
650 0 |a Herencia  |9 256325 
650 0 |a Herederos  |9 357054 
651 0 |a Francia  |9 255157 
583 |a last modification  |c 19970515 00:00:00  |k Rodrigo Vera 
999 |c 259766  |d 259764 
952 |0 0  |1 0  |4 0  |6 346_440000000000000_TRA_1957  |7 0  |8 A  |9 285081  |a BIBDER  |b BIBDER  |d 2019-11-19  |i 1850385  |o 346.44 TRA 1957  |p 1850385  |r 2023-01-25  |w 2019-11-19  |y BK  |k DER